00277nam a2200121Ia 4500008004100000082001600041100001400057245002300071250000800094260002600102300000800128650001900136150201s2013 xx 000 0 und d a618.1bG13D aDUTTA, DC aTB. OF GYNAECOLOGY a6TH bNCB.PUB.aDELHIc2013 a656 aOBST. & GYNEA.